000 01542nam a2200421 i 4500
001 12121
003 KOSZ 005
005 20190827112945.0
008 070820s1969 pl a f f 000 0 pol
015 _aPB 1970/8965
040 _aWA N
_cKOSZ 005/RW
_dKOSZ 005/RW
_dKOSZ 005/HR
041 1 _apol
_hrus
046 _k1969
080 _a517.9
080 _a62
080 _a(076)
100 1 _aPonomarev, Kirill Konstantinovič.
_eAutor
245 1 0 _aUkładanie i rozwiązywanie równań różniczkowych w zagadnieniach technicznych /
_cK. K. Ponomariew ; [tł.] Robert Konstanty Krzywiec.
246 1 _iTyt. oryg.:
_aSostavlenie i rešenie differencial'nyh uravnenij inženerno-tehničeskih zadač
260 _aWarszawa :
_bWydawnictwa Naukowo-Techniczne,
_c1969.
300 _a245, [1] s. :
_bil. ;
_c23 cm.
380 _aKsiążki.
385 _aPublikacje dydaktyczne
388 _a1901-
490 1 _aProblemy i Metody Techniki.
504 _aBibliogr. s. [244]-245.
580 _aNiniejszy opis unieważnia poz. 3321/70.
658 _aMatematyka
658 _aInżynieria i technika
655 4 _aĆwiczenia i zadania
650 4 _aRównania różniczkowe
650 4 _aTechnika
700 1 _aKrzywiec, Robert Konstanty.
_eTłumaczenie
710 2 _aWydawnictwa Naukowo-Techniczne
_4pbl.
830 0 _aProblemy i Metody Techniki
856 _uhttp://koha.tu.koszalin.pl/cgi-bin/koha/opac-detail.pl?biblionumber=12121
_yKatalog online BPK
942 _2UKD
_cKS
999 _c12121
_d12121